La empatía y su desarrollo

Guardat en:
Dades bibliogràfiques
Autors principals: Eisenberg, Nancy (Autor), Strayer, Janet (Autor)
Format: Llibre
Idioma:espanyol
Publicat: Bilbao Desclée de Brouwer 1992
Col·lecció:Biblioteca de Psicología, 56
Matèries:
Etiquetes: Afegir etiqueta
Sense etiquetes, Sigues el primer a etiquetar aquest registre!

MARC

LEADER 00000nam a2200000 a 4500
001 UCP8842
003 CL-VaPUC
008 000317e19920000SP |||||||||||||||||spa|d
082 0 4 |a 152.41  |b EIS  |2 21 
100 0 |a Eisenberg, Nancy  |e author  |9 439099 
700 0 |a Strayer, Janet  |e author  |9 439100 
245 1 3 |a La empatía y su desarrollo 
300 |a 434 p 
942 |c BK 
945 |d 20000317 00:00:00  |a rbrito 
260 |a Bilbao  |b Desclée de Brouwer  |c 1992 
650 0 |a Empatía  |9 439101 
650 0 |a Emociones   |9 265224 
650 0 |a Sentimientos   |9 334266 
650 0 |a Salud mental  |9 308393 
650 0 |a Conducta humana   |9 269906 
650 0 |a Afecto  |9 326390 
583 |a last modification  |c 20180514 09:49:18  |k Rodrigo Vera 
490 0 |a Biblioteca de Psicología, 56 
999 |c 285722  |d 285720 
952 |0 0  |1 0  |4 0  |6 152_410000000000000_EIS_1992  |7 0  |8 A  |9 330489  |a BIBEDU  |b BIBEDU  |d 2019-11-20  |i 3595978  |o 152.41 EIS 1992  |p 3595978  |r 2019-11-20  |w 2019-11-20  |y BK  |k EPE